[Event "Holdskak Mesterrækken"]
[Site "Thisted"]
[Date "2019.01.27"]
[Round "5"]
[White "Bjarne Reiner Rye Nielsen"]
[Black "Ove Kroll"]
[Result "0-1"]
[WhiteElo "1775"]
[BlackElo "2315"]

1.d4 f5 2.Nf3 Nf6 3.g3 g6 4.Bg2 Bg7 5.O-O O-O 6.c4 d6 7.Nc3 Na6 8.Bf4 c5 9.Re1
cxd4 10.Nd5 e5 11.Bg5 Be6 12.Bxf6 Bxf6 13.Nxd4 exd4 14.Nxf6+ Qxf6 15.Bxb7 Nc5
16.Bxa8 Rxa8 17.b4 Ne4 18.Qd3 Rc8 19.e3 Rxc4 20.exd4 Rxd4 21.Qe3 Rd2 22.f3 Qb2
{#r} 0-1

[Event "Holdskak - Arækken"]
[Site "Thisted"]
[Date "2019.01.31"]
[Round "5"]
[White "Torben Peter Laursen"]
[Black "Frank Alkærsig Rasmussen"]
[Result "1-0"]
[WhiteElo "1615"]
[BlackElo "1794"]

1.d4 Nf6 2.Nf3 g6 3.b3 Bg7 4.Bb2 d5 5.Nbd2 O-O 6.e3 Bg4 7.Be2 Nc6 8.a3 a5
9.O-O Qc8 10.Rc1 a4 11.b4 h6 12.c4 dxc4 13.Nxc4 Ne4 14.b5 Na5 15.Nb6 Qe6
16.Nxa8 Rxa8 17.d5 Qd6 18.Bxg7 Kxg7 19.Qd4+ Nf6 20.Qxa4 Bd7 21.Rfd1 b6 22.g3
e6 23.dxe6 Qxe6 24.Rxc7 Qe8 25.Qd4 Nb3 26.Qxb6 Rxa3 27.Qd6 Ra2 28.Bc4 Rxf2
29.Ne5 Qa8 30.Bd5 Qa2 31.Rxd7 Nxd7 32.Qxd7 Qe2 33.Ng4 Rf5 34.Bxb3 Qxg4 35.Be6
Qf3 36.Qd4+ Rf6 37.Bd5 Qf2+ 38.Kh1 Qe2 39.b6 Kh7 40.Bg2 Rxb6 41.Rf1 Rb7 42.Qd5
Re7 43.Rxf7+ Rxf7 44.Qxf7+ Kh8 45.e4 h5 46.Qf3 Qe1+ 47.Qf1 Qe3 48.Qa1+ Kh7
49.e5 g5 50.Qb1+ Kh6 51.Be4 h4 52.gxh4 gxh4 53.e6 Qg5 54.Qf1 Qe5 55.Qf8+
{Næste gang sorts konge går kommer der en dronning med skak på f5, ved
afbytning en fribonde.} {#r} 1-0

[Event "Mesterrækken"]
[Site "Skive"]
[Date "2019.03.10"]
[Round "7"]
[White "Jan kringstad"]
[Black "Torben Peter Laursen"]
[Result "0-1"]
[WhiteElo "1208"]
[BlackElo "1609"]

1.b3 d6 2.Bb2 Nc6 3.e3 e5 4.Bb5 Ne7 5.d4 Bd7 6.d5 Nb4 7.Bxd7+ Qxd7 8.Nc3 g6
9.Qd2 Na6 10.O-O-O Bg7 11.f4 O-O-O 12.Nf3 f6 13.Rhe1 Nc5 14.fxe5 dxe5 15.Ba3
b6 16.Qe2 Kb8 17.Bxc5 bxc5 18.e4 Qd6 19.Qc4 Nc8 20.Na4 Bf8 21.c3 Nb6 22.Nxb6
cxb6 23.Re2 Kb7 24.Rb2 Rc8 25.Kb1 a6 26.Rc1 Be7 27.a4 Qd7 28.Qe2 Bd6 29.h3
Rhe8 30.Nd2 f5 31.Nc4 Bf8 32.a5 bxa5 33.Nxa5+ Kb6 34.Nc6 fxe4 35.Qxe4 Qf5
36.Qxf5 gxf5 37.Re2 Bd6 38.Rce1 e4 39.g4 Bg3 40.Rg1 f4 41.b4 f3 42.Re3 Bf2
{#R} 0-1

[Event "A-rækken"]
[Site "Thisted"]
[Date "2019.03.14"]
[Round "8"]
[White "Torben Laursen"]
[Black "Claus Hansen"]
[Result "1-0"]
[WhiteElo "1609"]
[BlackElo "1662"]

1.d4 d5 2.Nf3 Nf6 3.Nbd2 Bf5 4.a3 e6 5.b3 Nbd7 6.Bb2 Bd6 7.e3 c6 8.g3 Qc7
9.Be2 h5 10.c4 b6 11.b4 dxc4 12.Nxc4 Nd5 13.Nxd6+ Qxd6 14.Nh4 Be4 15.Bf3 Bxf3
16.Nxf3 N7f6 17.O-O Ng4 18.e4 Nge3 19.fxe3 Nxe3 20.Qd3 Nxf1 21.Rxf1 Rd8 22.Qa6
Qc7 23.Ne5 f6 24.Ng6 Rh6 25.Nf4 Ke7 26.Qc4 Qd7 27.d5 cxd5 28.exd5 e5 29.Qe4
Kf7 30.Bxe5 Re8 31.Ne6 Kg8 32.Bf4 g5 33.Bc1 h4 34.gxh4 Qd6 35.Bb2 Qe7 36.hxg5
fxg5 37.Qf5 a5 38.Bf6 Qf7 39.Kh1 Rxh2+ 40.Kxh2 Qh5+ 41.Qh3 Qe2+ 42.Kg1 {#r}
1-0


[Black "Ole Madsen"]
[Result "0-1"]

1.e4 c5 2.d4 e6 3.c3 a6 4.Nf3 Nc6 5.Be2 d5 6.e5 cxd4 7.cxd4 g6 8.Nbd2 Qb6
9.Nb3 Nge7 10.O-O Nf5 11.Bg5 Bg7 12.Qd2 O-O 13.Rac1 h6 14.Bf4 Bd7 15.Nc5 Rad8
16.Rc3 h5 17.Rb3 Qa5 18.Rxb7 Qxd2 19.Bxd2 Nfxd4 20.Nxd4 Nxe5 21.Bxa6 Bc8 0-1

[Event "Thy Open 2019"]
[Site "Thisted"]
[Date "2019.04.11"]
[Round "6"]
[White "Chr. Volmer Nielsen"]
[Black "Kai Jessen"]
[Result "1/2-1/2"]
[WhiteElo "1953"]
[BlackElo "1791"]

1.e4 c5 2.c3 d5 3.exd5 Qxd5 4.d4 Nf6 5.Nf3 Bg4 6.Be2 Nc6 7.c4 Qd6 8.d5 Ne5
9.O-O Ng6 10.Nc3 a6 11.Re1 Rd8 12.Bg5 Bf5 13.Bd3 Bg4 14.Bxf6 gxf6 15.Ne4 Qb6
16.h3 Bxf3 17.Qxf3 Ne5 18.Qe3 Bg7 19.Rad1 O-O 20.b3 Rc8 21.Ng3 Qc7 22.Nf5 Rfe8
23.h4 e6 24.d6 Qd7 25.Ne7+ Rxe7 26.dxe7 Qxe7 27.f4 Ng4 28.Qf3 h5 29.g3 Qc7
30.Be4 b6 31.Qd3 f5 32.Bf3 Bd4+ 33.Kf1 Nf2 34.Qe2 Nxd1 35.Rxd1 Qe7 36.Bxh5 Kh7
37.Kg2 Rg8 38.Kh3 a5 39.Rd2 Qf6 40.Qd3 Kh6 41.Bd1 Qg6 42.Qf3 Rb8 43.Rg2 b5
44.cxb5 Rxb5 45.g4 a4 46.Bc2 axb3 47.gxf5 bxc2 48.fxg6 c1=Q 49.Qg3 Qh1+ 50.Rh2
Qf1+ 51.Rg2 {#d} 1/2-1/2

[Event "Holdskak 2019"]
[Site "Thisted"]
[Date "2019.10.27"]
[Round "1"]
[White "Rasmus B. Jensen"]
[Black "Jesper Nielsen"]
[Result "0-1"]
[WhiteElo "1492"]
[BlackElo "1639"]

1.d4 d5 2.c4 e6 3.Nc3 Nf6 4.Nf3 Be7 5.e3 c6 6.Bd3 Nbd7 7.b3 c5 8.cxd5 exd5
9.Bb2 O-O 10.O-O b6 11.Bb5 Bb7 12.Rc1 a6 13.Bxd7 Qxd7 14.Na4 Qb5 15.dxc5 bxc5
16.Bxf6 gxf6 17.Nh4 Kh8 18.Nf5 Rae8 19.Nxe7 Rxe7 20.Nxc5 Ba8 21.Qd4 Qb6 22.Qg4
Rg8 23.Qf5 d4 24.f3 dxe3 25.Kh1 Qd6 26.Ne4 Bxe4 27.fxe4 Rg6 28.Rcd1 Qe6
29.Qxe6 Rxe6 30.Rf4 Rd6 31.Re1 e2 {#R} 0-1

[Event "Holdskak"]
[Site "Thisted"]
[Date "2019.10.27"]
[Round "1"]
[White "Holger Vestergaard"]
[Black "Ove Kroll"]
[Result "0-1"]
[WhiteElo "1907"]
[BlackElo "2307"]

1.d4 f5 2.Nf3 Nf6 3.c4 g6 4.Nc3 Bg7 5.Bf4 O-O 6.h3 d6 7.e3 Nc6 8.Be2 Ne4 9.Qc2
e5 10.dxe5 dxe5 11.Rd1 Qe8 12.Bh2 Nxc3 13.Qxc3 e4 14.Nd4 f4 15.Qb3 f3 16.Bf1
Ne5 17.c5+ Kh8 18.gxf3 exf3 19.Qd5 Bf5 20.Bxe5 Bxe5 21.Nxf3 Bxb2 22.Be2 Bc3+
23.Kf1 Be4 24.Qc4 Bg7 25.Kg2 Qe5 26.Rd4 Rae8 27.h4 Qf5 {#R} 0-1

[Event "Holdskak"]
[Site "Thisted"]
[Date "2019.10.27"]
[Round "1"]
[White "Per Ottosen"]
[Black "Kjærulf Egeberg"]
[Result "1-0"]
[WhiteElo "1713"]
[BlackElo "1619"]

1.d4 Nf6 2.Nc3 d5 3.Bg5 e6 4.e4 dxe4 5.Nxe4 Be7 6.Bxf6 Bxf6 7.Nf3 Nd7 8.c3 Be7
9.Bd3 c5 10.Bc2 cxd4 11.Qxd4 O-O 12.Qd3 f5 13.Ng3 Nc5 14.Qe2 a5 15.O-O Kh8
16.b4 axb4 17.cxb4 Na6 18.a3 Bf6 19.Rad1 Qe7 20.Bb3 e5 21.Rfe1 e4 22.Nd4 Be5
23.f3 Qf6 24.Qf2 Nc7 25.a4 Rd8 26.Ndxf5 Bxf5 27.Nxf5 Qxf5 28.Rxd8+ Rxd8
29.Rxe4 Qxe4 30.fxe4 Bd4 31.b5 Bxf2+ 32.Kxf2 Rd2+ 33.Ke3 Rxg2 34.b6 Na6 35.Bd5
Nc5 36.a5 Rg1 37.Kd4 Rc1 38.Bc4 Nd7 39.Bb5 Nb8 40.e5 Kg8 41.Kd5 Kf7 42.Kd6 Nc6
43.a6 Na5 44.a7 Rc8 45.e6+ Kf6 46.e7 Nc6 47.Bxc6 bxc6 48.b7 1-0

[Event "Holdskak"]
[Site "Thisted"]
[Date "2019.10.27"]
[Round "1"]
[White "Kai Jessen"]
[Black "Leif Hamborg"]
[Result "0-1"]
[WhiteElo "1816"]
[BlackElo "1759"]

1.Nf3 c5 2.e3 g6 3.d4 cxd4 4.exd4 Bg7 5.c4 Nf6 6.Nc3 O-O 7.Bf4 d6 8.h3 Nc6
9.d5 Nb4 10.a3 Na6 11.Bd3 Nh5 12.Bh2 Nc5 13.Bc2 b6 14.O-O Ba6 15.g4 Bxc3
16.bxc3 Nf6 17.Qd4 Rc8 18.Bf4 Na4 19.Nd2 Nb2 20.Rfe1 Nxc4 21.Bh6 Nxd2 22.Qxd2
Re8 23.Bd3 Bb7 24.Bb5 Nxd5 25.Bxe8 Qxe8 26.Qd4 Nf6 27.Re3 Qc6 28.f3 e5 29.Qd2
Nd5 30.Rd3 Nf6 31.Re1 Re8 32.Qd1 Re6 33.Kh2 d5 34.Bg5 e4 35.Rde3 Qd6+ 36.Kg1
Qg3+ 37.Kh1 Qxh3+ 38.Kg1 Qg3+ 39.Kh1 exf3 {#R} 0-1

[Event "Holdskak - Thy2"]
[Site "Thisted "]
[Date "2019.10.31"]
[Round "1"]
[White "Daniel Christensen"]
[Black "Chr. Ertbjerg"]
[Result "1-0"]
[WhiteElo "1123"]
[BlackElo "1450"]

1.e4 c5 2.Nf3 d6 3.Bc4 Nf6 4.Nc3 g6 5.d4 Nc6 6.dxc5 dxc5 7.Qxd8+ Nxd8 8.O-O
Bg7 9.Be3 b6 10.Nd5 Nxd5 11.Bxd5 Rb8 12.c3 e6 13.Bb3 O-O 14.Bf4 Ra8 15.Bd6 Ba6
16.Bxf8 Bxf1 17.Bxg7 Kxg7 18.Kxf1 Nc6 19.Rd1 b5 20.a3 c4 21.Bc2 a5 22.Nd4 Nxd4
23.Rxd4 Rb8 24.a4 bxa4 25.Bxa4 Rxb2 26.Rxc4 Rb1+ 27.Ke2 Rb2+ 28.Ke3 f5 29.e5
g5 30.Rc7+ Kh6 31.Kf3 g4+ 32.Kg3 Kg5 33.f4+ Kg6 34.Be8+ Kh6 35.Rc6 Rb8
36.Rxe6+ Kg7 37.Re7+ Kh6 38.Rf7 Rxe8 39.Rxf5 Rc8 40.Kxg4 Rxc3 41.e6 Re3
42.Rf6+ Kg7 43.Kg5 a4 44.Rf7+ Kg8 45.Kf6 a3 46.Ra7 h5 47.e7 h4 48.Kg6 Re6+
49.Kf5 Re2 50.Kf6 a2 51.Rxa2 {#r} 1-0

[Event "Holdskak  Skive3-Thy1"]
[Site "Skive"]
[Date "2020.02.23"]
[Round "6"]
[White "Dim Buizer"]
[Black "Jens Grud Sørensen"]
[Result "0-1"]
[WhiteElo "1663"]
[BlackElo "1841"]

1.d4 Nf6 2.Nf3 g6 3.Bf4 Bg7 4.Nc3 c5 5.e3 cxd4 6.exd4 O-O 7.Qd2 d5 8.Bd3 Nc6
9.Nb5 Bg4 10.c3 a6 11.Na3 Bxf3 12.gxf3 b5 13.Nc2 Nh5 14.Bg5 Qd6 15.Be2 e5
16.f4 Nxf4 17.Bxf4 exf4 18.O-O-O Rab8 19.h4 b4 20.c4 b3 21.axb3 Rxb3 22.Na1
Nxd4 23.Kb1 Rxb2+ {#R} 0-1

[Event "Holdskak Skive3-Thy1"]
[Site "Skive"]
[Date "2020.02.23"]
[Round "6"]
[White "Jesper Nielsen"]
[Black "Frits Nielsen"]
[Result "1-0"]
[WhiteElo "1639"]
[BlackElo "1583"]

1.e4 c5 2.Nf3 Nc6 3.d4 cxd4 4.Nxd4 g6 5.Nc3 Bg7 6.Be3 e6 7.Ndb5 Be5 8.Nd6+
Bxd6 9.Qxd6 Qe7 10.Qxe7+ Kxe7 11.O-O-O a6 12.Bc5+ Ke8 13.Be2 Nge7 14.h4 f6
15.h5 Kf7 16.f4 b5 17.hxg6+ Nxg6 18.Bh5 Kg7 19.Bxg6 Kxg6 20.Rd3 Bb7 21.Rxd7
Na5 22.b4 f5 23.Bd4 Rad8 24.Rg7# 1-0

[Event "Holdskak mod Ringkøbing"]
[Site "Skive"]
[Date "2021.11.02"]
[Round "1"]
[White "Knud Erik Søgaard Jensen"]
[Black "Poul Hardy Ladefoged"]
[Result "0-1"]
[WhiteElo "1586"]
[BlackElo "1393"]

1.d4 d5 2.Nf3 Nf6 3.e3 Bf5 4.Bd3 Ne4 5.Nbd2 Nc6 6.Nh4 e6 7.Nxf5 exf5 8.O-O Bd6
9.a3 g6 10.f4 h5 11.c4 Nxd2 12.Bxd2 dxc4 13.Bxc4 Ne7 14.Qf3 c6 15.Rad1 Qc7
16.b4 a6 17.Rc1 Qd7 18.Bc3 O-O 19.Rfd1 Rfe8 20.Bb2 Nd5 21.Bxd5 cxd5 22.Rc3 Re4
23.Rdd3 Rae8 24.Kf2 Qe7 25.Kg3 h4+ 26.Kh3 g5 27.fxg5 Qxg5 28.Bc1 Qg4+ 29.Qxg4+
fxg4+ 30.Kxh4 g3+ 31.Kg5 gxh2 32.Rd1 R8e6 {#R} 0-1

[Event "Holdturnering"]
[Site "Thisted"]
[Date "2023.11.16"]
[Round "1"]
[White "Sigurd Rindom"]
[Black "Ove Kroll"]
[Result "0-1"]
[WhiteElo "1857"]
[BlackElo "2295"]

1.d4 g6 2.c4 Bg7 3.Nc3 c5 4.Nf3 cxd4 5.Nxd4 Nc6 6.e3 Nf6 7.Be2 O-O 8.O-O d6
9.a3 Bd7 10.b4 Rc8 11.Bb2 Qc7 12.Rc1 Qb8 13.Qd2 a6 14.Nd5? Nxd5 15.cxd5 Nxd4
16.Bxd4 Bxd4 17.Qxd4 Rc7! 18.e4 Rfc8 19.Qd2 Bb5 20.Bxb5 axb5 21.Qe3 Rc4
22.Rxc4 bxc4 23.Rc1 b5 {træk 23 for sort med en garderet fribonde} 24.Rc3 Kg7
25.g3 Qc7 26.Kg2 Ra8 27.h4 Qa7 {Dronningerne skak byttes, så kongen kan blive
aktiv, en anden mulighed er at forberede e6} 28.Qxa7 Rxa7 29.f4 f5 30.Kf3 Kf6
31.g4 {Bedre nok Ke3 e5} fxg4+ 32.Kxg4 e5 {For at få e5 til kongen eller efter
de6 Ke6 at kunne spille d5} 33.Rf3 Rc7 34.Rc3 h6 35.Kg3 exf4+ 36.Kxf4 g5+
{Sikrer e5 til kongen.} {#R} 0-1